El pintor de recuerdos / (Record no. 28292)

MARC details
000 -LEADER
fixed length control field 00687nam a22002297a 4500
001 - CONTROL NUMBER
control field sjds
003 - CONTROL NUMBER IDENTIFIER
control field sjds
005 - DATE AND TIME OF LATEST TRANSACTION
control field 20230904212821.0
008 - FIXED-LENGTH DATA ELEMENTS--GENERAL INFORMATION
fixed length control field 230904b |||||||| |||| 00| 0 spa d
020 ## - INTERNATIONAL STANDARD BOOK NUMBER
International Standard Book Number 8434818442
020 ## - INTERNATIONAL STANDARD BOOK NUMBER
International Standard Book Number 9788434818446
040 ## - CATALOGING SOURCE
Transcribing agency sjds
041 ## - LANGUAGE CODE
Language code of text/sound track or separate title spa
100 10 - MAIN ENTRY--PERSONAL NAME
Personal name Canizo, Jose Antonio del
245 13 - TITLE STATEMENT
Title El pintor de recuerdos /
Statement of responsibility, etc. Jose Antonio del Canizo; Jesus Gaban (Illustrator)
246 ## - VARYING FORM OF TITLE
Title proper/short title El pintor de recuerdos
260 ## - PUBLICATION, DISTRIBUTION, ETC. (IMPRINT)
Place of publication, distribution, etc. Madrid :
Name of publisher, distributor, etc. Joaquin Turina,
Date of publication, distribution, etc. 1988, c1986
300 ## - PHYSICAL DESCRIPTION
Extent 1 volume (unpaged) :
Other physical details color illustrations ;
Dimensions 30 cm.
440 ## - SERIES STATEMENT/ADDED ENTRY--TITLE
Title Cuentos de la torre y la estrella ;
Number of part/section of a work 21
700 10 - ADDED ENTRY--PERSONAL NAME
Personal name Gaban, Jesus
Relator term Illustrator
942 ## - ADDED ENTRY ELEMENTS (KOHA)
Koha item type Libro/Book
Holdings
Withdrawn status Lost status Damaged status Not for loan Home library Current library Date acquired Inventory number Total Checkouts Full call number Barcode Date last seen Date checked out Price effective from Koha item type Shelving location
        San Juan Del Sur -- Biblioteca San Juan Del Sur -- Biblioteca 21/10/2023 Inventory date: 15-5-25   JI ESPANOL 30030953 21/10/2023   21/10/2023 Libro/Book Children's Area
        San Juan Del Sur -- Mobile San Juan Del Sur -- Mobile 04/09/2023 Inventory date: 27-2-25 2 JFI 33017560 20/11/2024 03/10/2024 04/09/2023 Libro/Book  

Powered by Koha